000 00275nam a2200109Ia 4500
008 190912s9999||||xx |||||||||||||| ||und||
100 _akitty O.Locker
245 0 _aBusiness Administrative Communication
260 _alondon
_bMcGraw Hill
_c2008
300 _a701
942 _cBK
999 _c7625
_d7625